| 000 | 00937nmm a2200325 a 4500 | ||
|---|---|---|---|
| 003 | AR-BaBNM | ||
| 005 | 20251128205929.0 | ||
| 008 | 118019s1997 ||||||||||||||000 | spa|| | ||
| 020 | _a987-9018-44-3 | ||
| 040 | _cAR-BaBNM | ||
| 100 | 1 | _aZapata, Gabriela | |
| 245 | 1 | 0 |
_aLengua extranjera _binglés : 2do ciclo EGB |
| 250 | _a1ª ed. | ||
| 260 |
_aBuenos Aires _bIndependencia _c1997 |
||
| 300 | 0 |
_a188 p. _bil. _e1 casete |
|
| 500 | 0 | _aSolicitar el material complementario en Mediateca no. 775069 y 775070 | |
| 650 | 4 | _aENSENANZA DE IDIOMAS | |
| 650 | 4 | _aINGLES | |
| 650 | 4 | _aVOCABULARIO | |
| 650 | 4 | _aEXPRESION ORAL | |
| 653 | 0 | _aEDUCACION GENERAL BASICA | |
| 653 | 0 | _aCONTENIDOS BASICOS COMUNES | |
| 653 | 0 | _aLEY FEDERAL DE EDUCACION | |
| 653 | 0 | _aCONTENIDOS CONCEPTUALES | |
| 653 | 0 | _aCONTENIDOS PROCEDIMENTALES | |
| 653 | 0 | _aEXPRESION ESCRITA | |
| 700 | 1 | _aGaíta, Sandra | |
| 942 | _cBK | ||
| 998 | _cCARMEN | ||
| 999 |
_c13355 _d13355 |
||